| 000 | 00000nas 2200000za 4500 |
| 001 | 9.818252 |
| 003 | CaOODSP |
| 005 | 20221107142655 |
| 007 | cr ||||||||||| |
| 008 | 160525d19481962oncar p oss f000#a0eng|d |
| 022 | |y0837-9610 |
| 040 | |aCaOODSP|beng |
| 041 | |aeng|afre |
| 043 | |an-cn--- |
| 086 | 1 |aCS81-402-PDF |
| 086 | 1 |aCS81-518-PDF |
| 086 | 1 |aCS81-211-PDF |
| 245 | 00|aSurvey of higher education |h[electronic resource]. |
| 246 | 13|aRelevé de l'enseignement supérieur|f1952/54-1961/62 |
| 260 | |aOttawa : |bDominion Bureau of Statistics, Education Division, |c1950-1964. |
| 310 | |aAnnual,|b1961/62 |
| 321 | |aBiennial,|b1946/48-1952/54 |
| 321 | |aIrregular,|b1954/1961 |
| 362 | 0 |a1946/48-1961/62. |
| 500 | |aDigitized edition from print [produced by Statistics Canada]. |
| 546 | |aText in English only, 1946/48-1950/52; text in English and French, 1952/54-1961/62. |
| 550 | |aIssued 1952/54-1961/62 by Higher Education Section. |
| 580 | |aA part of: Survey of higher education merged with: Fall enrolment in universities and colleges (1956), to become: Survey of higher education. Part I, Fall enrolment in universities and colleges. |
| 580 | |aA part of Survey of higher education merged with: Institutions of higher education in Canada, to become: List of institutions of higher education in Canada, 1953/54. |
| 580 | |aA part of Survey of higher education merged with: a part of Preliminary statistics of education; a part of Survey of elementary and secondary education; and, a part of Relevé de l'enseignement élémentaire et de l'enseignement secondaire, to become: Survey of education finance, 1954/56. |
| 580 | |aA part of Survey of higher education is continued by: Survey of higher education. Part II, Degrees, staff and summary. |
| 692 | 07|2gccst|aPostsecondary education |
| 710 | 1 |aCanada.|bDominion Bureau of Statistics.|bEducation Division. |
| 710 | 1 |aCanada.|bDominion Bureau of Statistics.|bHigher Education Section. |
| 780 | 00|tHigher education in Canada |w(CaOODSP)9.818244 |
| 780 | 00|tRelevé de l'enseignement supérieur |w(CaOODSP)9.818250 |
| 785 | 00|tSurvey of higher education. |w(CaOODSP)9.811812 |
| 785 | 00|tSurvey of higher education. |w(CaOODSP)9.812049 |
| 785 | 00|tSurvey of education finance |w(CaOODSP)9.812448 |
| 785 | 00|tList of institutions of higher education in Canada |w(CaOODSP)9.820868 |
| 792 | |tSurvey of higher education |efre|w(CaOODSP)9.818254 |